00691nam a2200205 i 450000100060000000300090000600500170001500700030003200800410003510000260007624500620010225000160016426000580018030000220023849000250026083000300028585200320031599900170034795201210036488501ES-MaACL20250710062725.0t|050104s1958 fr ||||1| fre d1 aLalou, René.96974110aHistoire de la poésie française / cpar René Lalou. a[5eme ed.]. aParís : bPresses Universitaires de France, c1958. a126 p. ; c18 cm.1 aQue sais-je? ; v10800aQue sais-je?v1089180931 aES-MaACLjC-15594 bR.43403 c88501d88501 00104070aATENEOMbATENEOMcFICHd2008-01-17eSCl0oC-15594p1092445r2023-02-23 00:00:00w2023-02-23yMONOGRAFIA